000 00246nam a2200097Ia 4500
001 691325
005 20250826161833.0
008 250824s9999 xx 000 0 und d
245 0 _aTEKNOLOJİ FELSEFESİ
_cMUSTAFA BAYRAK
260 _bKETEBE YAYINLARI
999 _c691325
_d691325